[Event "DSOL 08 Liga Gr-B 1st"]
[Site "Playchess.com INT"]
[Date "2020.07.07"]
[Round "1.3"]
[White "Siegel, Lukas"]
[Black "Schween, Michael"]
[Result "1-0"]
[WhiteElo "1203"]
[BlackElo "946"]
[PlyCount "110"]
[EventDate "2020.06.22"]
[EventType "team-tourn (rapid)"]
[EventCountry "GER"]
[SourceTitle "EXT 2021"]
[Source "ChessBase"]
[SourceDate "2020.10.23"]
[SourceVersion "1"]
[SourceVersionDate "2020.10.23"]
[SourceQuality "1"]
[WhiteTeam "Ketsch III"]
[BlackTeam "Gross Gerau II"]
[WhiteTeamCountry "GER"]
[BlackTeamCountry "GER"]

1. d4 d5 2. Bf4 Nc6 3. e3 Nf6 4. Nd2 Bg4 5. Ngf3 e6 6. h3 Bf5 7. c3 Bd6 8. Bxd6 Qxd6 9. Bb5 0-0 10. 0-0 a6 11. Bxc6 Qxc6 12. Ne5 Qd6 13. g4 Be4 14. f3 Bg6 15. h4 h5 16. Nxg6 fxg6 17. g5 Qe5 18. f4 Qf5 19. Re1 Ne4 20. Nxe4 Qxe4 21. Qb1 Rf7 22. Qxe4 dxe4 23. Rad1 Rd7 24. Rf1 Kf7 25. Kg2 Ke7 26. Rd2 c6 27. Kf2 Rad8 28. Ke2 Kd6 29. c4 b6 30. Rfd1 Kc7 31. b4 b5 32. cxb5 axb5 33. Rc1 Kb6 34. Rdc2 Rc7 35. Rc5 Ra8 36. R1c2 Ra4 37. Re5 Rxb4 38. Rxe6 Ra4 39. Rxg6 b4 40. f5 Ra3 41. Re6 Kb5 42. Re5+ Ka4 43. Rec5 Rc8 44. d5 Rc3 45. R5xc3 bxc3 46. Rxc3 Kb4 47. Rxc6 Rxc6 48. dxc6 Kb5 49. c7 Kb6 50. c8Q Ka5 51. Qb8 Ka4 52. Qb3+ Ka5 53. Kd2 Ka6 54. Kc3 Ka5 55. Qb7 Ka4 1-0